Оптимизация концептуальных решений для свинцово-висмутового быстрого реактора РБЕЦ-М; Атомная энергия; Т. 97, вып. 2

Bibliografske podrobnosti
Parent link:Атомная энергия: теоретический и научно-технический журнал/ Российская академия наук ; Министерство РФ по атомной энергии, ядерного общества.— , 1956-.— 0004-7163
Т. 97, вып. 2.— 2004.— с. 125-131
Drugi avtorji: Алексеев П. Н., Микитюк К. О., Васильев А. В., Фомиченко П. А., Щепетина Т. Д., Субботин С. А.
Jezik:ruščina
Izdano: 2004
Serija:Статьи
Teme:
Format: MixedMaterials Book Chapter
KOHA link:https://koha.lib.tpu.ru/cgi-bin/koha/opac-detail.pl?biblionumber=426095

MARC

LEADER 00000naa2a2200000 4500
001 426095
005 20231101074504.0
035 |a (RuTPU)RU\TPU\prd\84769 
035 |a RU\TPU\prd\30299 
090 |a 426095 
100 |a 20100628a2004 k y0rusy50 ca 
101 0 |a rus 
102 |a RU 
200 1 |a Оптимизация концептуальных решений для свинцово-висмутового быстрого реактора РБЕЦ-М  |f П. Н. Алексеев, К. О. Микитюк, А. В. Васильев и др. 
225 1 |a Статьи 
320 |a Библиогр.: 4 назв. 
461 1 |0 (RuTPU)RU\TPU\prd\33  |x 0004-7163  |t Атомная энергия  |o теоретический и научно-технический журнал  |f Российская академия наук ; Министерство РФ по атомной энергии, ядерного общества  |d 1956- 
463 1 |0 (RuTPU)RU\TPU\prd\84765  |t Т. 97, вып. 2  |v с. 125-131  |d 2004 
610 1 |a быстрые реакторы 
610 1 |a оптимизация 
610 1 |a свинцово-висмутовые реакторы 
610 1 |a безопасность 
610 1 |a экономические характеристики 
610 1 |a улучшение 
610 1 |a нитридное топливо 
610 1 |a инновационные решения 
675 |a 621.039.546  |v 3 
701 1 |a Алексеев  |b П. Н. 
701 1 |a Микитюк  |b К. О. 
701 1 |a Васильев  |b А. В. 
701 1 |a Фомиченко  |b П. А. 
701 1 |a Щепетина  |b Т. Д. 
701 1 |a Субботин  |b С. А. 
801 1 |a RU  |b 63413507  |c 20041123  |g PSBO 
801 2 |a RU  |b 63413507  |c 20100629  |g RCR 
942 |c BK